LIBRARY ONLINE CATALOGUE

Introduction to health care management / (Record no. 20354)

MARC details
000 -LEADER
fixed length control field 01217cam a2200373 i 4500
001 - CONTROL NUMBER
control field 20941357
003 - CONTROL NUMBER IDENTIFIER
control field OSt
005 - DATE AND TIME OF LATEST TRANSACTION
control field 20231025155921.0
008 - FIXED-LENGTH DATA ELEMENTS--GENERAL INFORMATION
fixed length control field 190419s2020 mau b 001 0 eng
010 ## - LIBRARY OF CONGRESS CONTROL NUMBER
LC control number 2019019012
020 ## - INTERNATIONAL STANDARD BOOK NUMBER
International Standard Book Number 9781284156560
035 ## - SYSTEM CONTROL NUMBER
System control number (DNLM)101745869
040 ## - CATALOGING SOURCE
Transcribing agency KABU
042 ## - AUTHENTICATION CODE
Authentication code pcc
050 00 - LIBRARY OF CONGRESS CALL NUMBER
Classification number RA971
Item number .I58 2021
245 00 - TITLE STATEMENT
Title Introduction to health care management /
Statement of responsibility, etc. edited by Sharon B. Buchbinder, Nancy H. Shanks & Bobbie J. Kite
250 ## - EDITION STATEMENT
Edition statement 4th ed.
264 #1 - PRODUCTION, PUBLICATION, DISTRIBUTION, MANUFACTURE, AND COPYRIGHT NOTICE
Place of production, publication, distribution, manufacture Burlington, MA :
Name of producer, publisher, distributor, manufacturer Jones & Bartlett Learning,
Date of production, publication, distribution, manufacture, or copyright notice 2021
300 ## - PHYSICAL DESCRIPTION
Extent xiv, 618 p ;
336 ## - CONTENT TYPE
Content type term text
Source rdacontent
337 ## - MEDIA TYPE
Media type term unmediated
Source rdamedia
338 ## - CARRIER TYPE
Carrier type term volume
Source rdacarrier
504 ## - BIBLIOGRAPHY, ETC. NOTE
Bibliography, etc Includes bibliographical references and index.
650 12 - SUBJECT ADDED ENTRY--TOPICAL TERM
Topical term or geographic name as entry element Health Services Administration
650 22 - SUBJECT ADDED ENTRY--TOPICAL TERM
Topical term or geographic name as entry element Leadership
650 22 - SUBJECT ADDED ENTRY--TOPICAL TERM
Topical term or geographic name as entry element Health Care Costs
650 22 - SUBJECT ADDED ENTRY--TOPICAL TERM
Topical term or geographic name as entry element Efficiency, Organizational
700 1# - ADDED ENTRY--PERSONAL NAME
Personal name Buchbinder, Sharon Bell,
Relator term editor.
700 1# - ADDED ENTRY--PERSONAL NAME
Personal name Shanks, Nancy H.,
Relator term editor.
700 1# - ADDED ENTRY--PERSONAL NAME
Personal name Kite, Bobbie J.,
Relator term editor.
906 ## - LOCAL DATA ELEMENT F, LDF (RLIN)
a 7
b cbc
c orignew
d 1
e ecip
f 20
g y-gencatlg
942 ## - ADDED ENTRY ELEMENTS (KOHA)
Source of classification or shelving scheme Library of Congress Classification
Koha item type General Collection
Holdings
Withdrawn status Lost status Source of classification or shelving scheme Not for loan Home library Current library Date acquired Cost, normal purchase price Total Checkouts Full call number Barcode Date last seen Price effective from Koha item type Date last checked out
    Library of Congress Classification   Kabarak, Main Campus Kabarak, Main Campus 25/10/2023 12397.00   RA971 .I58 2021 c.1 34347 25/10/2023 25/10/2023 General Collection  
    Library of Congress Classification   Kabarak, Main Campus Kabarak, Main Campus 25/10/2023 12397.00 2 RA971 .I58 2021 c.2 34368 02/05/2025 25/10/2023 General Collection 02/05/2025